| 000 | 01145nam a2200301 a 4500 | ||
|---|---|---|---|
| 001 | BRCA_8256 | ||
| 005 | 20190320210211.0 | ||
| 008 | 300514s1520----it-####f##---#000-0#lat-# | ||
| 041 | _alat | ||
| 044 | _ait | ||
| 050 | 4 |
_aR128.6 _b.M36 1520 |
|
| 100 | 1 |
_aManfredis, Hieronymus de _d1430-1493 _920610 |
|
| 245 | 1 | 0 |
_aOpera nona intitulata Il Perche _butilissima ad intendere le cagioni de molte cole. Maximamente allia conservatione de la sanita: Et phisionomia. Et virtu delle herbe. Novamente stampata _cHieronymus de Manfredis. |
| 260 |
_aVenecia _bAlessandro di Bindoni _c1520 |
||
| 300 |
_a127 p. _c15 cm. |
||
| 500 | _aEn lomo: Hieronymus de Manfredis-Il Perche. Venetia, 1520 | ||
| 500 | _aFondo antiguo | ||
| 500 | _aEjemplar se encuentra en caja fuerte | ||
| 500 | _aT-12 | ||
| 500 | _aCon Ex- libris de: Franz Mayer | ||
| 500 | _aUso de letras capitulares | ||
| 500 | _aIncluye tabla de contenido | ||
| 500 | _aEdición con cantos en rojo | ||
| 506 | 0 | _aFondo reservado: para su consulta es necesario credencial de usuario y carta de motivos | |
| 650 | 1 | 4 |
_aMedicina _ySiglo XIV _920611 |
| 902 | _aLAR | ||
| 942 |
_2lcc _cB |
||
| 999 |
_c7924 _d7924 |
||